Highest Contract by a Player in Every NBA Franchise - Statistics

General Stats
  • This quiz has been taken 83 times
    50 since last reset
  • The average score is 27 of 32
Answer Stats
Year Team Salary Answer % Correct
Philadelphia 76ers Joel Embiid
100%
2024 - 2025 Phoenix Suns $51,179,021 Kevin Durant
100%
2024 - 2025 Los Angeles Lakers $48,728,845 LeBron James
100%
2024 - 2025 Denver Nuggets $51,415,938 Nikola Jokić
100%
2024 - 2025 Golden State Warriors $55,761,216 Stephen Curry
100%
Damian Lillard
98%
2022 - 2023 Portland Trail Blazers $42,492,492 Damian Lillard
98%
2024 - 2025 Milwaukee Bucks $48,787,676 Giannis Antetokounmpo
98%
2024 - 2025 Boston Celtics $49,700,000 Jaylen Brown
95%
2024 - 2025 New York Knicks $49,205,800 Karl-Anthony Towns
95%
Los Angeles Clippers Kawhi Leonard
95%
Atlanta Hawks Trae Young
95%
2024 - 2025 Miami Heat $48,798,677 Jimmy Butler
93%
2024 - 2025 Charlotte Hornets $35,147,000 LaMelo Ball
93%
2024 - 2025 Dallas Mavericks $43,219,440 Anthony Davis
91%
2024 - 2025 Minnesota Timberwolves $43,827,586 Rudy Gobert
88%
2024 - 2025 Indiana Pacers $42,176,400 Tyrese Haliburton
88%
2024 - 2025 Oklahoma City Thunder $35,859,950 Shai Gilgeous-Alexander
86%
2024 - 2025 Chicago Bulls $43,031,940 Zach LaVine
86%
New Orleans Pelicans Zion Williamson
86%
2024 - 2025 Memphis Grizzlies $36,725,670 Ja Morant
84%
Pascal Siakam
84%
2023 - 2024 Toronto Raptors $37,893,408 Pascal Siakam
84%
2022 - 2023 Washington Wizards $43,279,250 Bradley Beal
81%
2020 - 2021 Brooklyn Nets $41,254,920 James Harden
81%
2024 - 2025 Sacramento Kings $40,500,000 Domantas Sabonis
74%
Utah Jazz Lauri Markkanen
74%
Cleveland Cavaliers Darius Garland
72%
2024 - 2025 San Antonio Spurs $34,848,340 De'Aaron Fox
72%
2024 - 2025 Houston Rockets $42,846,615 Fred VanVleet
65%
2018 - 2019 Detroit Pistons $25,434,263 Andre Drummond
42%
2019 - 2020 Orlando Magic $28,000,000 Nikola Vučević
40%
No matching quizzes found
Score Distribution
Percent of People with Each Score
Percentile by Number Answered
Your Score History
You have not taken this quiz since the last reset